Die Belehnung des Nürnberger Burggrafen Friedrich VI
| Titel: | Die Belehnung des Nürnberger Burggrafen Friedrich VI : mit der Markgrafschaft Brandenburg durch König Sigmund |
|---|---|
| Verfasser: | |
| In: |
Das Zeitalter König Sigmunds in Ungarn und im Deutschen Reich, (2000), Seite 161-172 alle Artikel anzeigen |
| Veröffentlicht: | 2000 |
| Format: | Aufsatz |
| Sprache: | Deutsch |
X
alg: 39228602 001A $01999:11-11-16 001B $01999:26-04-21 $t20:16:58.000 001D $01999:11-11-16 001U $0utf8 001X $00 002@ $0Aox 003@ $0392286025 007A $0392286025 $aHEB 007T $0Herdc0063151m 010@ $ager 011@ $a2000 021A $aDie @Belehnung des Nürnberger Burggrafen Friedrich VI $dmit der Markgrafschaft Brandenburg durch König Sigmund 028A $aJatzlauk $dManfred 031A $h161-172 $j2000 039B $aIn $8--Aau--. Das @Zeitalter König Sigmunds in Ungarn und im Deutschen Reich. - Debrecen : Debrecen Univ. Press, 2000. - 218 S.. - ISBN 963-472-451-5 $x200000000000000839 $9100729169 045F $a306.0943816 $eDDC23BSB 045F/01 $a306.09 045F/03 $g43816 lok: 39228602 78 exp: 39228602 78 1 #EPN 201B/01 $005-07-18 $t23:20:37.000 201U/01 $0utf8 203@/01 $0788382578 208@/01 $a11-11-16 $be 209A/01 $a/ $f000 $x00 220C/01 $aTitelaufnehmer: nk;tn 220C/01 $aHerkunft: HI Marburg 244Z/01 $2Trx $#Pomeranija $#Pommern $#Pomoransko $#Pomořansko $#Hinterpommern;Vorpommern;Mittelpommern $#Pomorze Środkowe;Pomorze Przednie $#Pomořansko;Západní Pomořany; Pomořany $8--Trx--Pomorze Zachodnie $x01 $9391303775 244Z/01 $2Trx $#Marchia Brandenburska $8--Trx--Brandenburg$gMark $x02 $9391190156 244Z/01 $#Nürnberg $#Nürenberg $#Njurnberg $#Stadt der Reichsparteitage $#Stadt der Reichsparteitage Nürnberg $#Stadtgemeinde Nürnberg $#Norymberga $#Nbg. $#Freie Reichsstadt Nürnberg $#Nuremberg $#Nurmberg $#Norimberga $#Noriberga $#Stadt Nürnberg $#Norimberk $#Norinberga $#Norimbergae $#Noremberga $#Noribergae $#Nürmberg $74042742-0 $8--Tg1--Nürnberg $x03 $9085118605 244Z/01 $aGeschichte 1061-1440 $x04 244Z/01 $#Sigmund$#Siegmund $#Sigismundus $#Sigismundus $#Sigismundus $#Sigismundus Imperator Romae $#Sigmund $#Sigismund $#Sigismund $#Sigismund $#Sigismond $#Zygmunt Luksemburski $#Zikmund Lucemburský $#Zsigmond $#Sigismund $#Siegmund $#Žigmund Luxemburský $#Sigismundus $#Luxemburg, Sigismund von $#Luxemburg, Siegmund von $#Luxemburg, Zikmund von $#Luxemburg, Zsigmond von $#Luksemburški, Žigmund $#Sigismund $#Sigmund $#Sigmund $#Sigismund $#Siegmund $#Sigismundus $7118614185 $8--Tp1--$PSigismund$lHeiliges Römisches Reich, Kaiser$Z1368-1437 $x05 $9086955136 244Z/01 $2Trx $8--Trx--$PFriedrich VI.$lI.$Z1371-1440 $x06 $9390977373 244Z/01 $2Trx $#kuningad, Rooma-Saksa $#Romos vokiečių karaliai $#kings, Roman-German $#királyok, német-római $#królowie rzymsko-niemieccy $#králi rímsko-nemeckí $#králové římsko-němečtí $8--Trx--Könige, römisch-deutsche $x07 $939137141X 244Z/01 $2Trx $#lossikrahvid $#burgrafai $#várurak $#burgrabiowie $#kasteláni $#purkrabí $8--Trx--Burggrafen $x08 $9391374885 244Z/01 $2Trx $#markkrahvid Brandenburg $#Brandenburgo markgrafai $#margraves Brandenburgia $#örgrófok Brandenburg $#margrabiowie, brandenburscy $#markgrófi brandenburskí $#markrabí braniborští $8--Trx--Markgrafen$gBrandenburg $x09 $9391381393 244Z/01 $2Trx $8--Trx--Einzelbeiträge $x10 $9391384570 245Z/01 $a09.12 $x01 247C/01 $82080>Marburg/Lahn, Herder-Institut, Forschungsbibliothek, Bibliographieportal $9336309341
| LEADER | 00000caa a22000002c 4500 | ||
|---|---|---|---|
| 001 | 392286025 | ||
| 003 | DE-603 | ||
| 005 | 20210426201658.0 | ||
| 007 | tu | ||
| 008 | 161111s2000 xx |||| | u00||u|ger c | ||
| 035 | |a (DE-599)HEB392286025 | ||
| 040 | |a DE-603 |b ger |c DE-603 |d DE-603 | ||
| 041 | |a ger | ||
| 082 | 0 | 4 | |8 1\u |a 306.0943816 |q DE-101 |2 23/BSB |
| 085 | |8 1\u |b 306.09 | ||
| 085 | |8 1\u |z 2 |s 43816 | ||
| 100 | 1 | |a Jatzlauk, Manfred | |
| 245 | 0 | 0 | |a Die Belehnung des Nürnberger Burggrafen Friedrich VI |b mit der Markgrafschaft Brandenburg durch König Sigmund |
| 264 | 0 | |c 2000 | |
| 773 | 0 | 8 | |i In |t Das Zeitalter König Sigmunds in Ungarn und im Deutschen Reich |d Debrecen : Debrecen Univ. Press, 2000 |h 218 S. |z 9634724515 |g (2000), Seite 161-172 |w (DE-603)100729169 |
| 924 | 0 | |9 2080 |a (DE-603)788382578 |b DE-2080 |c HES |d d |g / | |


